00241nam a2200109Ia 4500008004100000100002000041245002700061260001000088260000900098300000700107999001700114170620s9999 xx 000 0 und d aGuidelines 2006 4aThe Reflective Teachar bNCERT c2007 a29 c28257d28257